Course Pack ;ATH102 Medical Anthropology( BA Anthropology) (Record no. 7689)

MARC details
000 -LEADER
fixed length control field 00380nam a22001337a 4500
005 - DATE AND TIME OF LATEST TRANSACTION
control field 20190306095019.0
008 - FIXED-LENGTH DATA ELEMENTS--GENERAL INFORMATION
fixed length control field 190306b ||||| |||| 00| 0 eng d
040 ## - CATALOGING SOURCE
Transcribing agency jitshen
082 ## - DEWEY DECIMAL CLASSIFICATION NUMBER
Classification number 305.5 A86a 2019
245 ## - TITLE STATEMENT
Title Course Pack ;ATH102 Medical Anthropology( BA Anthropology)
260 ## - PUBLICATION, DISTRIBUTION, ETC.
Place of publication, distribution, etc. Thimphu ;
Name of publisher, distributor, etc. Royal Thimphu College,
Date of publication, distribution, etc. 2019.
300 ## - PHYSICAL DESCRIPTION
Extent 40 p
Dimensions 30 cm.
942 ## - ADDED ENTRY ELEMENTS (KOHA)
Source of classification or shelving scheme Dewey Decimal Classification
Koha item type Binder
Holdings
Withdrawn status Lost status Source of classification or shelving scheme Damaged status Not for loan Collection code Home library Current library Shelving location Date acquired Serial Enumeration / chronology Total Checkouts Full call number Barcode Date last seen Price effective from Koha item type
    Dewey Decimal Classification     Fac res RTC Library RTC Library Faculty reserve 06/03/2019 13485   305.5 ATH 30011506 28/02/2022 06/03/2019 Faculty Reserve
Royal Thimphu College || All Right Reserved